Normal view MARC view

Entry Personal Name

Number of records used in: 1

001 - CONTROL NUMBER

  • control field: 2467

003 - CONTROL NUMBER IDENTIFIER

  • control field: OSt

005 - DATE AND TIME OF LATEST TRANSACTION

  • control field: 20231004135836.0

008 - FIXED-LENGTH DATA ELEMENTS

  • fixed length control field: 231004|| aca||aabn | a|a d

040 ## - CATALOGING SOURCE

  • Original cataloging agency: OSt
  • Transcribing agency: OSt

100 ## - HEADING--PERSONAL NAME

  • Personal name: Graham, Judy
  • Fuller form of name: (Judy Frazer)

670 ## - SOURCE DATA FOUND

  • Source citation: Work cat.: (OSt)0: Graham, Judy (Judy Frazer), Critical thinking in consumer behavior :, c2010.

If you have any concerns or questions; kindly contact the library


© Powered by WIUC ICT DIRECTORATE